000 00446nam a2200157Ia 4500
005 20250123033819.0
008 240331s9999 xx 000 0 und d
020 _a9780199063369
082 _bDAW
_a920
100 _aDawood, Attiya ,
245 0 _aImages in my mirror :
_b autobiography of a Sindhi Poet
260 _aNew York
_bOxford University Press
_c2012
300 _axii, 219 p .,
500 _aAutobiography of a Sindhi Poet
942 _cL
999 _c5851
_d5851